000 00623nam a2200229 a 4500
001 16207
003 CO-ViMGA
008 141112s2004 ck r 000 u spa d
020 _a9580421277
040 _aCO-ViMGA
_bspa
_cCO-ViMGA
082 0 4 _aU863.6 O537a
100 1 _aOnetti, Juan Carlos
245 1 0 _aLos adioses
260 _aBogotá :
_bNorma,
_c2002
300 _a83.p.
500 _aA propósito de Juan Carlos Onetti y su obra.
590 _aForma de adquisición : Premio - Mincultura
650 1 4 _aMUERTE - NOVELA
650 1 4 _aMUJERES - NOVELA
_915324
650 1 4 _aNOVELA URUGUAYA
942 _2ddc
_cBK
999 _c26120
_d26120